Close Relationship (Record no. 7091)

MARC details
000 -LEADER
fixed length control field 00412nam a22001337a 4500
003 - CONTROL NUMBER IDENTIFIER
control field NG-AbAUS
008 - FIXED-LENGTH DATA ELEMENTS--GENERAL INFORMATION
fixed length control field 150616b xxu||||| |||| 00| 0 eng d
082 ## - DEWEY DECIMAL CLASSIFICATION NUMBER
Classification number 158.2
Item number L5783
100 ## - MAIN ENTRY--PERSONAL NAME
Personal name Levinger George
9 (RLIN) 216
245 ## - TITLE STATEMENT
Title Close Relationship
Remainder of title Perspectives on the Meaning of Relationship
260 ## - PUBLICATION, DISTRIBUTION, ETC. (IMPRINT)
Place of publication, distribution, etc University of Massachusetts Press
Name of publisher, distributor, etc United States of America
Date of publication, distribution, etc 1977
300 ## - PHYSICAL DESCRIPTION
Extent vii;193p
Other physical details ill
942 ## - ADDED ENTRY ELEMENTS (KOHA)
Source of classification or shelving scheme Dewey Decimal Classification
Item type Book

No items available.